000 00810cam a22002773a 4500
001 24036
003 PGUSA
005 20140828083520.0
008 071201s2007||||xxu|||||s|||||000 p eng d
040 _aPGUSA
_beng
042 _adc
050 4 _aPR
100 1 _aShakespeare, William,
_d1564-1616
245 1 0 _aSonnet 130
_h[electronic resource] /
_cWilliam Shakespeare
260 _bProject Gutenberg,
_c2007
506 _aPublic domain in the USA.
516 _aElectronic text
653 _aLove poetry
653 _aEnglish poetry
653 _aShakespeare, William, 1564-1616. Sonnets. No. 130
653 _aSonnets, English
740 0 _a"My mistress' eyes are nothing like the sun"
830 0 _aProject Gutenberg
_v24036
856 4 0 _uhttp://www.gutenberg.org/ebooks/24036
942 _cEB
999 _c253291
_d253291